[Event "Titled Tuesday intern op 13th Feb Early"]
[Site "Chess.com INT"]
[Date "2024.02.13"]
[Round "1"]
[White "Kovacsy, Barnabas"]
[Black "Pranesh, M."]
[Result "0-1"]
[WhiteElo "2268"]
[BlackElo "2538"]
[PlyCount "74"]
[EventDate "2024.02.13"]
[EventType "swiss (blitz)"]
[EventRounds "11"]
[EventCountry "USA"]
[SourceTitle "CB08_2024"]
[SourceDate "2024.02.21"]
[SourceVersion "1"]
[SourceVersionDate "2024.02.21"]
[SourceQuality "1"]

1. e4 e5 2. Nf3 Nc6 3. Bb5 a6 4. Bxc6 dxc6 5. Nc3 f6 6. d4 exd4 7. Qxd4 Qxd4 8. Nxd4 Bd6 9. Be3 Ne7 10. 0-0-0 Bd7 11. Nb3 b6 12. f3 c5 13. Nd2 Be6 14. f4 0-0 15. Nf3 Nc6 16. Nd5 Rad8 17. Rhe1 Rfe8 18. c3 Bxd5 19. exd5 Rxe3 20. Rxe3 Bxf4 21. dxc6 Bxe3+ 22. Kc2 Rxd1 23. Kxd1 Kf7 24. Ke2 Bc1 25. b4 cxb4 26. cxb4 Ke6 27. Kd3 Kd5 28. Nd4 g6 29. a4 Bb2 30. Nc2 Kxc6 31. Kc4 b5+ 32. axb5+ axb5+ 33. Kd3 Be5 34. Ke4 Bxh2 35. Nd4+ Kb6 36. g4 Bd6 37. Ne6 Bxb4 0-1

[Event "Titled Tuesday intern op 06th Feb Late"]
[Site "Chess.com INT"]
[Date "2024.02.06"]
[Round "2"]
[White "Szpar, Milosz"]
[Black "Kovacsy, Barnabas"]
[Result "1-0"]
[WhiteElo "2495"]
[BlackElo "2268"]
[PlyCount "64"]
[EventDate "2024.02.06"]
[EventType "swiss (blitz)"]
[EventRounds "11"]
[EventCountry "USA"]
[SourceTitle "CB07_2024"]
[SourceDate "2024.02.14"]
[SourceVersion "1"]
[SourceVersionDate "2024.02.14"]
[SourceQuality "1"]

1. e4 c5 2. Nf3 e6 3. d4 cxd4 4. Nxd4 Nc6 5. Nc3 Qc7 6. Qd3 Nf6 7. Ndb5 Qb8 8. Qg3 d6 9. Be3 a6 10. Nd4 Bd7 11. f4 h5 12. Nf3 b5 13. Bd3 Be7 14. h3 Qd8 15. e5 h4 16. Qxg7 Rg8 17. Qh6 dxe5 18. fxe5 Nd5 19. Nxd5 exd5 20. 0-0 Nb4 21. Bh7 Rg3 22. Bf4 Bc5+ 23. Kh1 Qe7 24. Nxh4 Rxh3+ 25. gxh3 0-0-0 26. Nf5 Bxf5 27. Bxf5+ Kb8 28. a3 Nc6 29. Qxc6 Qh4 30. Qxc5 Rh8 31. e6+ Ka8 32. Qxd5+ Ka7 1-0

[Event "Titled Tuesday intern op 16th Jan Early"]
[Site "Chess.com INT"]
[Date "2024.01.16"]
[Round "4"]
[White "Zou, Chen"]
[Black "Kovacsy, Barnabas"]
[Result "1-0"]
[WhiteElo "2449"]
[BlackElo "2268"]
[PlyCount "127"]
[EventDate "2024.01.16"]
[EventType "swiss (blitz)"]
[EventRounds "11"]
[EventCountry "USA"]
[SourceTitle "CB04_2024"]
[SourceDate "2023.10.16"]
[SourceVersion "1"]
[SourceVersionDate "2023.10.16"]
[SourceQuality "1"]

1. e3 Nf6 2. d4 g6 3. Nf3 Bg7 4. b3 d6 5. Bb2 0-0 6. Be2 b6 7. 0-0 Bb7 8. c4 c5 9. d5 Na6 10. a3 Nc7 11. Qc2 a6 12. Nbd2 b5 13. e4 e5 14. dxe6 Nxe6 15. cxb5 Nf4 16. Bc4 Qd7 17. bxa6 Qg4 18. Ne1 Bxa6 19. Bxa6 Rxa6 20. f3 Qg5 21. Kh1 Rc6 22. Nc4 d5 23. exd5 N6xd5 24. Bxg7 Kxg7 25. Rd1 Re8 26. Rd2 h5 27. Nd3 Nxd3 28. Qxd3 Nf4 29. Qc3+ f6 30. g3 Ne6 31. Re1 Rd8 32. Rxd8 Nxd8 33. Re7+ Nf7 34. Qe1 Qd5 35. Kg2 h4 36. gxh4 Qf5 37. Qe4 Qxe4 38. fxe4 Kf8 39. Rb7 Nd6 40. Nxd6 Rxd6 41. a4 Ra6 42. Kf3 c4 43. bxc4 Rxa4 44. c5 Rc4 45. Rc7 Rc3+ 46. Kg4 Kg8 47. h5 gxh5+ 48. Kxh5 Rc2 49. Kg6 Rg2+ 50. Kxf6 Rxh2 51. e5 Rf2+ 52. Ke6 Kf8 53. Rc8+ Kg7 54. Ke7 Re2 55. e6 Ra2 56. c6 Ra7+ 57. c7 Kh7 58. Kd7 Ra6 59. Rd8 Ra7 60. Kd6 Ra6+ 61. Ke5 Ra5+ 62. Kf6 Rb5 63. c8Q Rb8 64. Rh8# 1-0

[Event "Titled Tuesday intern op 19th Dec Early"]
[Site "Chess.com INT"]
[Date "2023.12.19"]
[Round "3"]
[White "Kovacsy, Barnabas"]
[Black "Graca, Robert"]
[Result "1/2-1/2"]
[WhiteElo "2269"]
[BlackElo "2270"]
[PlyCount "87"]
[EventDate "2023.12.19"]
[EventType "swiss (blitz)"]
[EventRounds "11"]
[EventCountry "USA"]
[SourceTitle "CB52_2023"]
[SourceDate "2023.12.27"]
[SourceVersion "1"]
[SourceVersionDate "2023.12.27"]
[SourceQuality "1"]

1. e4 c5 2. Nf3 d6 3. d4 cxd4 4. Nxd4 Nf6 5. f3 g6 6. c4 Bg7 7. Nc3 Nc6 8. Be3 Nxd4 9. Bxd4 Be6 10. Rc1 0-0 11. Be2 Qa5 12. 0-0 Rfc8 13. b3 a6 14. Na4 Nd7 15. Bxg7 Kxg7 16. Qd4+ Kg8 17. f4 b5 18. cxb5 axb5 19. Nc3 b4 20. Na4 Nc5 21. f5 Bd7 22. fxg6 hxg6 23. Nxc5 Rxc5 24. Bc4 Be8 25. Qf2 e6 26. Qf6 Re5 27. Rf3 Qb6+ 28. Kh1 Qd8 29. Qf4 Rxa2 30. Rd1 Qg5 31. Qxg5 Rxg5 32. Rxd6 Raxg2 33. h4 Rg1+ 34. Kh2 R5g2+ 35. Kh3 Kg7 36. Rb6 Rb2 37. Rb7 Rh1+ 38. Kg3 Rg1+ 39. Kh3 Kf8 40. Bxe6 Rh1+ 41. Kg3 Rg1+ 42. Kh3 Rh1+ 43. Kg3 Rg1+ 44. Kh3 1/2-1/2

[Event "Titled Tuesday intern op 14th Nov Early"]
[Site "Chess.com INT"]
[Date "2023.11.14"]
[Round "5"]
[White "Kornyukov, Alexey"]
[Black "Kovacsy, Barnabas"]
[Result "0-1"]
[WhiteElo "2452"]
[BlackElo "2261"]
[PlyCount "148"]
[EventDate "2023.11.14"]
[EventType "swiss (blitz)"]
[EventRounds "11"]
[EventCountry "USA"]
[SourceTitle "CB47_2023"]
[SourceDate "2023.11.22"]
[SourceVersion "1"]
[SourceVersionDate "2023.11.22"]
[SourceQuality "1"]

1. e4 c5 2. Nf3 e6 3. c3 d5 4. exd5 Qxd5 5. d4 Nf6 6. Be2 Nc6 7. Be3 cxd4 8. cxd4 Be7 9. Nc3 Qd8 10. 0-0 0-0 11. Rc1 Bd7 12. Ne5 Rc8 13. Nxd7 Qxd7 14. Bf3 Nb4 15. a3 Nbd5 16. Nxd5 Nxd5 17. Qb3 a6 18. Bxd5 Qxd5 19. Qxd5 exd5 20. Rxc8 Rxc8 21. Rc1 Rxc1+ 22. Bxc1 Bf6 23. Be3 Kf8 24. Kf1 Ke7 25. Ke2 Kd6 26. Kd3 Be7 27. Bd2 Ke6 28. f3 f5 29. g3 Bd6 30. f4 Kd7 31. b4 Kc6 32. a4 b5 33. a5 Kd7 34. Bc3 Ke6 35. Bd2 Kf7 36. Be1 Kg6 37. Bd2 Kh5 38. h3 h6 39. Ke2 g5 40. fxg5 hxg5 41. Kf3 g4+ 42. Kg2 Be7 43. h4 Bd6 44. Kf2 f4 45. gxf4 Kxh4 46. Kg2 g3 47. f5 Be7 48. Be1 Kg4 49. Bxg3 Kxf5 50. Kf3 Bxb4 51. Bc7 Bd2 52. Ke2 Bf4 53. Bb6 Ke4 54. Bc5 Be3 55. Bb6 Bxd4 56. Kd2 Be5 57. Kc2 d4 58. Kd2 d3 59. Be3 Bd6 60. Bb6 Bb4+ 61. Kd1 Bc3 62. Bc5 Bxa5 63. Ba3 b4 64. Bb2 b3 65. Bf6 Bb4 66. Bb2 a5 67. Bf6 a4 68. Bb2 a3 69. Bc1 Kd4 70. Bb2+ Kc4 71. Bc1 Bc5 72. Bb2 axb2 73. Kd2 Bd4 74. Kd1 Be3 0-1

[Event "Titled Tuesday intern op 14th Nov Early"]
[Site "Chess.com INT"]
[Date "2023.11.14"]
[Round "8"]
[White "Martinkus, Rolandas"]
[Black "Kovacsy, Barnabas"]
[Result "1-0"]
[WhiteElo "2013"]
[BlackElo "2261"]
[PlyCount "77"]
[EventDate "2023.11.14"]
[EventType "swiss (blitz)"]
[EventRounds "11"]
[EventCountry "USA"]
[SourceTitle "CB47_2023"]
[SourceDate "2023.11.22"]
[SourceVersion "1"]
[SourceVersionDate "2023.11.22"]
[SourceQuality "1"]

1. e4 c5 2. c3 d5 3. exd5 Qxd5 4. d4 Nf6 5. Nf3 e6 6. Be3 cxd4 7. cxd4 Nc6 8. Nc3 Qd8 9. Bb5 Bd7 10. 0-0 Be7 11. Re1 0-0 12. Ne5 a6 13. Bd3 Nb4 14. Bb1 Nbd5 15. Qc2 Rc8 16. Bg5 g6 17. Qd3 b5 18. Qf3 Nxc3 19. bxc3 Nd5 20. Bh6 Rxc3 21. Bd3 Bf6 22. Bxf8 Kxf8 23. Rac1 b4 24. Rxc3 bxc3 25. Be4 Bxe5 26. dxe5 Qa5 27. Bxd5 exd5 28. Rc1 d4 29. Qa8+ Kg7 30. Qe4 Qa3 31. Rf1 Qa4 32. Qf4 Bf5 33. g4 Bd3 34. Qf6+ Kf8 35. e6 Ke8 36. Qxf7+ Kd8 37. e7+ Kc7 38. e8Q+ Kb6 39. Qxa4 1-0

[Event "HUN-ch Rapid"]
[Site "Ajka"]
[Date "2023.07.21"]
[Round "2"]
[White "Kovacsy, Barnabas"]
[Black "Stevic, Hrvoje"]
[Result "0-1"]
[WhiteElo "2266"]
[BlackElo "2549"]
[PlyCount "66"]
[EventDate "2023.07.21"]
[EventType "swiss (rapid)"]
[EventRounds "13"]
[EventCountry "HUN"]
[SourceTitle "CBM 215 Extra"]
[Source "ChessBase"]
[SourceDate "2023.09.30"]
[SourceVersion "1"]
[SourceVersionDate "2023.09.30"]
[SourceQuality "1"]

1. e4 e5 2. Nf3 Nc6 3. Bb5 g6 4. Nc3 Bg7 5. d4 Nxd4 6. Nxd4 exd4 7. Ne2 a6 8. Bc4 b5 9. Bd5 c6 10. Bb3 Ne7 11. a4 Qa5+ 12. Bd2 b4 13. Bf4 c5 14. Bd6 Bb7 15. Nf4 Nc8 16. e5 Nxd6 17. exd6 0-0 18. Qg4 Rae8+ 19. Kf1 Qb6 20. h4 Qxd6 21. h5 Re4 22. hxg6 Rxf4 23. Bxf7+ R8xf7 24. gxf7+ Kxf7 25. Qh3 Qe6 26. Qxh7 Be4 27. Qh5+ Qg6 28. Qxg6+ Kxg6 29. Rc1 d3 30. cxd3 Bxd3+ 31. Ke1 c4 32. Rh3 Bxb2 33. Rd1 Bc3+ 0-1

[Event "Titled Tuesday intern op 18th Jul Late"]
[Site "Chess.com INT"]
[Date "2023.07.18"]
[Round "8"]
[White "Kovacsy, Barnabas"]
[Black "Avalos Parra, Joao"]
[Result "1-0"]
[WhiteElo "2266"]
[BlackElo "2185"]
[PlyCount "141"]
[EventDate "2023.07.18"]
[EventType "swiss (blitz)"]
[EventRounds "11"]
[EventCountry "USA"]
[SourceTitle "EXT 2024"]
[Source "ChessBase"]
[SourceDate "2023.10.10"]
[SourceVersion "1"]
[SourceVersionDate "2023.10.10"]
[SourceQuality "1"]

1. e4 e5 2. Nf3 Nc6 3. Bb5 a6 4. Bxc6 dxc6 5. Nc3 Bd6 6. d4 exd4 7. Qxd4 f6 8. Be3 Ne7 9. 0-0-0 Be6 10. Kb1 0-0 11. Qd3 Ng6 12. Nd4 Bf7 13. f3 Qe8 14. Nf5 Bb4 15. Qd7 Qe5 16. Bd4 Qa5 17. a3 Bxc3 18. Bxc3 Qb6 19. Ne7+ Nxe7 20. Qxe7 Rfe8 21. Qb4 Qxb4 22. Bxb4 Rad8 23. Kc1 Bc4 24. Rd2 Rxd2 25. Kxd2 Rd8+ 26. Ke3 Kf7 27. b3 Be6 28. Ke2 b6 29. Rd1 Re8 30. Kf2 f5 31. e5 f4 32. h4 Bf5 33. Bc3 Bxc2 34. Rd7+ Re7 35. Rxe7+ Kxe7 36. b4 Ke6 37. g3 fxg3+ 38. Kxg3 Kf5 39. e6 Kxe6 40. Bxg7 Kf5 41. Bd4 h5 42. Be3 Bb3 43. Bf4 c5 44. bxc5 bxc5 45. Bxc7 c4 46. Ba5 Bd1 47. Bc3 Bc2 48. Kf2 Kf4 49. Bd2+ Ke5 50. Ke3 Bd3 51. Bc3+ Kd5 52. a4 Bc2 53. a5 Bb1 54. Kf4 Bd3 55. Kg5 Be2 56. Kf4 Bd1 57. Ke3 Bc2 58. f4 Bd1 59. f5 Bg4 60. f6 Ke6 61. Kf4 Be2 62. Kg5 Kf7 63. Kf5 Bf3 64. Ke5 Be2 65. Kd6 Bg4 66. Kc5 Be6 67. Kb6 Bc8 68. Kc7 Be6 69. Kb7 Kg6 70. Kxa6 Kf5 71. Kb6 1-0

[Event "Titled Tuesday intern op 18th Jul Late"]
[Site "Chess.com INT"]
[Date "2023.07.18"]
[Round "11"]
[White "Kovacsy, Barnabas"]
[Black "Fonseca Manrique, Enrique"]
[Result "0-1"]
[WhiteElo "2266"]
[BlackElo "2169"]
[PlyCount "70"]
[EventDate "2023.07.18"]
[EventType "swiss (blitz)"]
[EventRounds "11"]
[EventCountry "USA"]
[SourceTitle "EXT 2024"]
[Source "ChessBase"]
[SourceDate "2023.10.10"]
[SourceVersion "1"]
[SourceVersionDate "2023.10.10"]
[SourceQuality "1"]

1. e4 c5 2. Nf3 e6 3. d4 cxd4 4. Nxd4 Nc6 5. Nc3 Qc7 6. Be3 a6 7. Be2 Nf6 8. 0-0 Be7 9. Kh1 0-0 10. f3 d5 11. exd5 exd5 12. Bg5 Qb6 13. Nb3 Be6 14. Qd2 Rad8 15. Na4 Qc7 16. Bf4 Ne5 17. Qa5 Qb8 18. Nd4 Bc8 19. Nb6 Bd6 20. Nxc8 Rxc8 21. Bd3 Nxd3 22. Bxd6 Qxd6 23. cxd3 Qf4 24. Qb6 Rc7 25. Ne2 Qe5 26. d4 Qe7 27. Nc3 Rc6 28. Qb3 Rd8 29. Rae1 Qd7 30. Na4 h5 31. Nc5 Qf5 32. Re5 Qg6 33. Qxb7 Rdc8 34. Rfe1 h4 35. Nd3 Qxd3 0-1

[Event "Titled Tuesday intern op 18th Jul Late"]
[Site "Chess.com INT"]
[Date "2023.07.18"]
[Round "2"]
[White "Kovacsy, Barnabas"]
[Black "Lye, Sverre"]
[Result "1-0"]
[WhiteElo "2266"]
[BlackElo "2107"]
[PlyCount "83"]
[EventDate "2023.07.18"]
[EventType "swiss (blitz)"]
[EventRounds "11"]
[EventCountry "USA"]
[SourceTitle "EXT 2024"]
[Source "ChessBase"]
[SourceDate "2023.10.10"]
[SourceVersion "1"]
[SourceVersionDate "2023.10.10"]
[SourceQuality "1"]

1. e4 c5 2. Nf3 Nc6 3. d4 cxd4 4. Nxd4 e5 5. Nb5 d6 6. N1c3 a6 7. Na3 b5 8. Nd5 Be7 9. Bd3 Nf6 10. c3 Nxd5 11. exd5 Nb8 12. Nc2 f5 13. 0-0 0-0 14. f4 Nd7 15. fxe5 Nxe5 16. Nd4 Bg5 17. Kh1 g6 18. a4 Bxc1 19. Rxc1 bxa4 20. Nc6 Qf6 21. Nxe5 Qxe5 22. Qxa4 Rb8 23. Rce1 Qf6 24. Re2 f4 25. Be4 Qf7 26. Bf3 Bd7 27. Qd4 Rbc8 28. Rfe1 Rfe8 29. h3 Rxe2 30. Rxe2 g5 31. c4 Re8 32. Rxe8+ Qxe8 33. Qc3 Qe7 34. b4 Qg7 35. Qxg7+ Kxg7 36. c5 dxc5 37. bxc5 a5 38. c6 Bc8 39. d6 Kf7 40. d7 Bxd7 41. cxd7 Ke7 42. Bc6 1-0

[Event "Titled Tuesday intern op 18th Jul Late"]
[Site "Chess.com INT"]
[Date "2023.07.18"]
[Round "9"]
[White "Kovacsy, Barnabas"]
[Black "Velasco, Santiago"]
[Result "1-0"]
[WhiteElo "2266"]
[BlackElo "2315"]
[PlyCount "105"]
[EventDate "2023.07.18"]
[EventType "swiss (blitz)"]
[EventRounds "11"]
[EventCountry "USA"]
[SourceTitle "EXT 2024"]
[Source "ChessBase"]
[SourceDate "2023.10.10"]
[SourceVersion "1"]
[SourceVersionDate "2023.10.10"]
[SourceQuality "1"]

1. e4 e5 2. Nf3 Nc6 3. Bb5 Nf6 4. d3 Bc5 5. c3 0-0 6. 0-0 d5 7. exd5 Qxd5 8. Bc4 Qd8 9. Bg5 e4 10. dxe4 Qxd1 11. Rxd1 Nxe4 12. Be3 Bxe3 13. fxe3 Bg4 14. Nbd2 Nd6 15. Be2 Rfe8 16. Kf2 Rad8 17. h3 Bh5 18. Nc4 Ne4+ 19. Kg1 Ng3 20. Kf2 Ne4+ 21. Kg1 h6 22. Rxd8 Rxd8 23. Rd1 Rxd1+ 24. Bxd1 b5 25. Na3 a6 26. Nc2 f6 27. g4 Bf7 28. a3 Na5 29. Nb4 Nc4 30. Nxa6 c5 31. Bc2 Ned6 32. Nxc5 Nxb2 33. Nd4 Nbc4 34. Ne4 Nxe4 35. Bxe4 Nxa3 36. Bc6 Bc4 37. Kf2 Kf7 38. e4 g6 39. Ke3 Ke7 40. h4 Kf7 41. h5 Kg7 42. Kf4 Kf7 43. Bd5+ Bxd5 44. exd5 gxh5 45. gxh5 Nc4 46. Nf5 Nd2 47. Nxh6+ Kg7 48. Nf5+ Kf7 49. d6 Nb1 50. d7 Nxc3 51. d8Q Ne2+ 52. Ke3 Ng3 53. Qe7+ 1-0

[Event "Titled Tuesday intern op 11th Jul Early"]
[Site "Chess.com INT"]
[Date "2023.07.11"]
[Round "2"]
[White "Kovacsy, Barnabas"]
[Black "Sarkar, Justin"]
[Result "1/2-1/2"]
[WhiteElo "2266"]
[BlackElo "2307"]
[PlyCount "63"]
[EventDate "2023.07.11"]
[EventType "swiss (blitz)"]
[EventRounds "11"]
[EventCountry "USA"]
[SourceTitle "EXT 2024"]
[Source "ChessBase"]
[SourceDate "2023.10.10"]
[SourceVersion "1"]
[SourceVersionDate "2023.10.10"]
[SourceQuality "1"]

1. e4 c5 2. Nf3 e6 3. d4 cxd4 4. Nxd4 a6 5. Bd3 Ne7 6. 0-0 Nbc6 7. c3 d5 8. exd5 Nxd4 9. cxd4 Nxd5 10. Nc3 Be7 11. Be4 Nxc3 12. bxc3 0-0 13. Rb1 Rb8 14. Bf4 Bd6 15. Qf3 b5 16. c4 Bxf4 17. Qxf4 Bb7 18. Bxb7 Rxb7 19. cxb5 axb5 20. Qe5 Qd5 21. Qxd5 exd5 22. Rb4 Ra8 23. Rc1 g6 24. Rc2 Ra4 25. Rcb2 Rba7 26. Rxb5 Rxd4 27. g3 Kg7 28. Rc5 h5 29. Kg2 Rda4 30. Rxd5 Rxa2 31. Rxa2 Rxa2 32. Rb5 1/2-1/2

[Event "Titled Tuesday intern op 04th Jul Early"]
[Site "Chess.com INT"]
[Date "2023.07.04"]
[Round "4"]
[White "Ambartsumova, Karina"]
[Black "Kovacsy, Barnabas"]
[Result "1-0"]
[WhiteElo "2393"]
[BlackElo "2266"]
[PlyCount "67"]
[EventDate "2023.07.04"]
[EventType "swiss (blitz)"]
[EventRounds "11"]
[EventCountry "USA"]
[SourceTitle "EXT 2024"]
[Source "ChessBase"]
[SourceDate "2023.10.10"]
[SourceVersion "1"]
[SourceVersionDate "2023.10.10"]
[SourceQuality "1"]

1. Nf3 Nf6 2. d4 g6 3. g3 Bg7 4. Bg2 0-0 5. 0-0 d5 6. c4 c6 7. b3 a5 8. Nc3 Na6 9. Bb2 Nc7 10. Rc1 Bf5 11. Ne5 Ng4 12. Nf3 Nf6 13. cxd5 Ncxd5 14. Nh4 Nxc3 15. Bxc3 Bg4 16. h3 Be6 17. e4 g5 18. Nf5 Bxf5 19. exf5 Nd5 20. Bd2 h6 21. Kh2 Qd7 22. f4 gxf4 23. Bxf4 Nxf4 24. Rxf4 Bf6 25. Qh5 Kh7 26. h4 Qe8 27. g4 Qb8 28. Rcf1 Bxd4 29. g5 Bg7 30. f6 exf6 31. Be4+ Kg8 32. gxf6 Re8 33. Qg4 Rxe4 34. Qxg7# 1-0

[Event "Titled Tuesday intern op 04th Jul Early"]
[Site "Chess.com INT"]
[Date "2023.07.04"]
[Round "1"]
[White "Kovacsy, Barnabas"]
[Black "Girya, Olga"]
[Result "1-0"]
[WhiteElo "2266"]
[BlackElo "2402"]
[PlyCount "125"]
[EventDate "2023.07.04"]
[EventType "swiss (blitz)"]
[EventRounds "11"]
[EventCountry "USA"]
[SourceTitle "EXT 2024"]
[Source "ChessBase"]
[SourceDate "2023.10.10"]
[SourceVersion "1"]
[SourceVersionDate "2023.10.10"]
[SourceQuality "1"]

1. e4 e5 2. Nf3 Nc6 3. Bb5 a6 4. Bxc6 dxc6 5. Nc3 Qf6 6. d4 exd4 7. Qxd4 Qxd4 8. Nxd4 Nf6 9. Bd2 c5 10. Nb3 Be6 11. 0-0-0 0-0-0 12. Bg5 Be7 13. e5 Bxb3 14. axb3 Nd5 15. Nxd5 Bxg5+ 16. f4 Bh6 17. Ne7+ Kb8 18. g3 g6 19. Rxd8+ Rxd8 20. Rd1 Re8 21. Nd5 Rxe5 22. c4 Re2 23. Rd2 Rxd2 24. Kxd2 Bg7 25. Kc2 c6 26. Ne3 h5 27. h3 Bd4 28. Nf1 Kc7 29. g4 hxg4 30. hxg4 Kd6 31. Ng3 Ke6 32. Ne4 f5 33. gxf5+ Kxf5 34. Nd6+ Kxf4 35. Nxb7 g5 36. Kd3 Kf3 37. Nd6 g4 38. Ne4 g3 39. Nd2+ Kf2 40. Ne4+ Kf3 41. Nd2+ Kf4 42. Ke2 Bxb2 43. Nf3 Bd4 44. Ne1 Ke4 45. Ng2 a5 46. Nh4 Bf2 47. Ng2 Kd4 48. Kd2 Bg1 49. Nh4 Be3+ 50. Kc2 Bg5 51. Nf3+ Ke3 52. Nxg5 g2 53. Nh3 Kf3 54. Ng1+ Kf2 55. Nh3+ Kf1 56. Kb2 g1Q 57. Nxg1 Kxg1 58. Ka3 Kf2 59. Ka4 Ke3 60. Kxa5 Ke4 61. Kb6 Kd4 62. Kxc6 Kc3 63. Kxc5 1-0

[Event "Titled Tuesday intern op 04th Jul Early"]
[Site "Chess.com INT"]
[Date "2023.07.04"]
[Round "2"]
[White "Kovacsy, Barnabas"]
[Black "Radzhabov, Rodion"]
[Result "0-1"]
[WhiteElo "2266"]
[BlackElo "2303"]
[PlyCount "92"]
[EventDate "2023.07.04"]
[EventType "swiss (blitz)"]
[EventRounds "11"]
[EventCountry "USA"]
[SourceTitle "EXT 2024"]
[Source "ChessBase"]
[SourceDate "2023.10.10"]
[SourceVersion "1"]
[SourceVersionDate "2023.10.10"]
[SourceQuality "1"]

1. e4 c5 2. Nf3 e6 3. d4 cxd4 4. Nxd4 Nc6 5. Nc3 Qc7 6. Be3 a6 7. Be2 Nf6 8. 0-0 Bb4 9. Na4 Be7 10. Nxc6 bxc6 11. Nb6 Rb8 12. Nxc8 Qxc8 13. Bd4 Qc7 14. b3 e5 15. Bb2 Nxe4 16. Bxa6 Nc5 17. Bd3 d5 18. Qg4 Nxd3 19. cxd3 0-0 20. Rae1 Bd6 21. Qf5 Rbe8 22. Kh1 g6 23. Qg5 f6 24. Qh4 Qa5 25. f4 Qxa2 26. Ba1 Qxb3 27. Rf3 Qb4 28. Qf2 e4 29. dxe4 dxe4 30. Bc3 Qc5 31. Rfe3 Qf5 32. g3 Bc5 33. Qa2+ Qd5 34. Qxd5+ cxd5 35. R3e2 d4 36. Bd2 e3 37. Bc1 d3 38. Rxe3 Bxe3 39. Rxe3 Rxe3 40. Bxe3 Re8 41. Bd2 Re2 42. Bb4 d2 43. Bxd2 Rxd2 44. f5 gxf5 45. Kg1 Kg7 46. Kh1 Kg6 0-1

[Event "Titled Tuesday intern op 27th Jun Early"]
[Site "Chess.com INT"]
[Date "2023.06.27"]
[Round "1"]
[White "Kourkoulos Arditis, Stamatis"]
[Black "Kovacsy, Barnabas"]
[Result "1-0"]
[WhiteElo "2539"]
[BlackElo "2266"]
[PlyCount "63"]
[EventDate "2023.06.27"]
[EventType "swiss (blitz)"]
[EventRounds "11"]
[EventCountry "USA"]
[SourceTitle "EXT 2024"]
[Source "ChessBase"]
[SourceDate "2023.10.10"]
[SourceVersion "1"]
[SourceVersionDate "2023.10.10"]
[SourceQuality "1"]

1. c4 Nf6 2. Nc3 d5 3. cxd5 Nxd5 4. g3 g6 5. Bg2 Nxc3 6. bxc3 Bg7 7. Rb1 Nc6 8. Nf3 0-0 9. 0-0 Be6 10. Qc2 Qc8 11. d4 b6 12. e4 Bh3 13. Be3 Bxg2 14. Kxg2 e6 15. c4 Rd8 16. Rfd1 Na5 17. Bg5 Rd7 18. Ne5 Bxe5 19. dxe5 Qe8 20. Bf6 Nc6 21. Rxd7 Qxd7 22. Rd1 Qe8 23. h4 h5 24. Qc1 Kh7 25. g4 Ne7 26. Qg5 Ng8 27. gxh5 Nxf6 28. hxg6+ fxg6 29. exf6 e5 30. h5 Qf7 31. hxg6+ Qxg6 32. Rd7+ 1-0

[Event "Titled Tuesday intern op 20th Jun Early"]
[Site "Chess.com INT"]
[Date "2023.06.20"]
[Round "5"]
[White "Kovacsy, Barnabas"]
[Black "Demidov, Mikhail"]
[Result "1/2-1/2"]
[WhiteElo "2266"]
[BlackElo "2587"]
[PlyCount "101"]
[EventDate "2023.06.20"]
[EventType "swiss (blitz)"]
[EventRounds "11"]
[EventCountry "USA"]
[SourceTitle "EXT 2024"]
[Source "ChessBase"]
[SourceDate "2023.10.10"]
[SourceVersion "1"]
[SourceVersionDate "2023.10.10"]
[SourceQuality "1"]

1. e4 g6 2. d4 Bg7 3. Nf3 a6 4. Bd3 d6 5. 0-0 Nf6 6. h3 0-0 7. Re1 Nc6 8. Nc3 e6 9. Bg5 h6 10. Bh4 Ne7 11. e5 Nd7 12. Ne4 d5 13. Nf6+ Kh8 14. Qd2 c5 15. c3 b6 16. Bc2 Qc7 17. Qd3 a5 18. Nh5 Ba6 19. Qd2 gxh5 20. Bxe7 Rg8 21. Bf6 Nxf6 22. exf6 Bf8 23. Ne5 Ra7 24. Rac1 Qd8 25. Qf4 Bb5 26. b3 a4 27. c4 Be8 28. dxc5 bxc5 29. Rcd1 axb3 30. axb3 Ra2 31. Bb1 Rb2 32. cxd5 exd5 33. Qf5 Rxb1 34. Rxb1 Rg5 35. Qf4 Qc8 36. h4 Rf5 37. Qe3 Rxf6 38. Ng6+ fxg6 39. Qxe8 Qf5 40. Rb2 Kh7 41. Ra2 Rf7 42. g3 d4 43. Rae2 Kg7 44. Qe5+ Qxe5 45. Rxe5 Rb7 46. Rb1 Kf7 47. Re4 Bg7 48. Rc1 Bf8 49. Rb1 Bg7 50. Rc1 Bf8 51. Rb1 1/2-1/2

[Event "Titled Tuesday intern op 20th Jun Early"]
[Site "Chess.com INT"]
[Date "2023.06.20"]
[Round "11"]
[White "Kovacsy, Barnabas"]
[Black "Kopylov, Daniel"]
[Result "0-1"]
[WhiteElo "2266"]
[BlackElo "2388"]
[PlyCount "116"]
[EventDate "2023.06.20"]
[EventType "swiss (blitz)"]
[EventRounds "11"]
[EventCountry "USA"]
[SourceTitle "EXT 2024"]
[Source "ChessBase"]
[SourceDate "2023.10.10"]
[SourceVersion "1"]
[SourceVersionDate "2023.10.10"]
[SourceQuality "1"]

1. e4 c5 2. Nf3 Nc6 3. d4 cxd4 4. Nxd4 Nf6 5. Nc3 e6 6. Ndb5 Bb4 7. a3 Bxc3+ 8. Nxc3 d5 9. exd5 exd5 10. Bd3 0-0 11. 0-0 Bg4 12. Be2 Bxe2 13. Qxe2 Re8 14. Qf3 d4 15. Ne2 Qc7 16. Nf4 Ne5 17. Qb3 Rac8 18. Nd5 Qxc2 19. Nxf6+ gxf6 20. Qxb7 d3 21. Be3 d2 22. Rad1 Rcd8 23. Qb4 Nc4 24. b3 Nxe3 25. fxe3 Rxe3 26. Qg4+ Qg6 27. Qxg6+ hxg6 28. Rxf6 Rxb3 29. Rf2 Rbd3 30. Rf3 Rxf3 31. gxf3 Kg7 32. Kf2 Rd3 33. Ke2 Rxa3 34. Rxd2 a5 35. Kf2 a4 36. Rd6 Ra2+ 37. Kg3 Ra1 38. Ra6 a3 39. Kg2 g5 40. Ra5 Kg6 41. Ra6+ Kh5 42. Ra4 f5 43. Kf2 Kg6 44. Ra6+ Kf7 45. Kg2 a2 46. Kh3 g4+ 47. fxg4 f4 48. Kg2 f3+ 49. Kf2 Rh1 50. Kxf3 a1Q 51. Rxa1 Rxa1 52. Kf4 Kg6 53. h4 Ra4+ 54. Kg3 Kf6 55. Kf3 Ke5 56. h5 Kf6 57. Kg3 Kg5 58. h6 Rxg4+ 0-1

[Event "Titled Tuesday intern op 20th Jun Early"]
[Site "Chess.com INT"]
[Date "2023.06.20"]
[Round "1"]
[White "Ning, Kaiyu"]
[Black "Kovacsy, Barnabas"]
[Result "0-1"]
[WhiteElo "2349"]
[BlackElo "2266"]
[PlyCount "108"]
[EventDate "2023.06.20"]
[EventType "swiss (blitz)"]
[EventRounds "11"]
[EventCountry "USA"]
[SourceTitle "EXT 2024"]
[Source "ChessBase"]
[SourceDate "2023.10.10"]
[SourceVersion "1"]
[SourceVersionDate "2023.10.10"]
[SourceQuality "1"]

1. e4 c5 2. Nf3 e6 3. d4 cxd4 4. Nxd4 Nc6 5. Nc3 Qc7 6. g3 a6 7. Bg2 Nf6 8. 0-0 Nxd4 9. Qxd4 Bc5 10. Bf4 d6 11. Qd2 h6 12. Rad1 e5 13. Be3 Be6 14. Bxc5 dxc5 15. Nd5 Bxd5 16. exd5 Qd6 17. c4 0-0 18. Bh3 e4 19. Rde1 Rfe8 20. b3 Re5 21. f4 exf3 22. Rxf3 Rae8 23. Rfe3 Rxe3 24. Rxe3 Rxe3 25. Qxe3 b6 26. a3 a5 27. Bf5 g6 28. Bc8 Kg7 29. Kg2 h5 30. Qe2 Qc7 31. Ba6 Qd6 32. Bb5 Qc7 33. h3 Qd6 34. Qe3 Qc7 35. Kf3 Kf8 36. Qh6+ Ke7 37. Qg5 Qd6 38. Ke3 Qc7 39. Kd3 Qd6 40. Kc2 Qc7 41. b4 axb4 42. axb4 Qd6 43. Kb3 Qc7 44. bxc5 bxc5 45. h4 Qd6 46. Bc6 Kd8 47. Ka4 Kc7 48. Qd2 Kd8 49. Qa5+ Ke7 50. Qa7+ Kf8 51. Kb5 Ne4 52. Qa8+ Kg7 53. Qe8 Nxg3 54. Qe4 Nxe4 0-1